El arte griego y romano ; (Registro nro. 30816)

Detalles MARC
000 -LÍDER
campo de control de longitud fija 00622nam a22001817a 4500
005 - FECHA Y HORA DE LA ÚLTIMA
campo de control 20240820160236.0
008 - ELEMENTOS DE DATOS DE LONGITUD FIJA - INFORMACIÓN GENERAL
campo de control de longitud fija 240820s1972 sp aebc| |||| 001 0 spa d
040 ## - FUENTE DE CATALOGACIÓN
Agencia de catalogación original CO-JMCR
Agencia de transcripción CO-JMCR
Agencia modificadora CO-JMCR
Convenciones de descripción rda
041 ## - CÓDIGO DE IDIOMA
Código de idioma del texto/pista de sonido o título independiente spa
082 ## - NÚMERO DE CLASIFICACIÓN DECIMAL DEWEY
Número de edición 23° edición
Número de clasificación 709.38
Número de artículo T19a
100 ## - ENTRADA PRINCIPAL - NOMBRE PERSONAL
Término relativo autor
Nombre personal Tarradell , Miguel,
9 (RLIN) 43814
245 ## - DECLARACIÓN DEL TÍTULO
Título El arte griego y romano ;
Declaración de responsabilidad, etc. Miguel Tarradell
260 ## - PUBLICACIÓN, DISTRIBUCIÓN, ETC.
Lugar de publicación, distribución, etc. España :
Nombre del editor, distribuidor, etc. Biblioteca general Savat ,
Fecha de publicación, distribución, etc. 1972
300 ## - DESCRIPCIÓN FÍSICA
Medida 134 páginas :
Otros detalles fisicos Ilustraciones a color, mapas, planos
Dimensiones 18 cm.
650 14 - ENTRADA AÑADIDA DE ASUNTO - TÉRMINO TEMÁTICO
Fuente del encabezado o término JMCR
-- Arte griego
Subdivisión general Historia
9 (RLIN) 43815
650 24 - ENTRADA AÑADIDA DE ASUNTO - TÉRMINO TEMÁTICO
Fuente del encabezado o término JMCR
-- Arte romano
Subdivisión general Historia
9 (RLIN) 43816
942 ## - ELEMENTOS DE ENTRADA AÑADIDOS (KOHA)
Source of classification or shelving scheme Dewey Decimal Classification
Tipo de artículo Koha Books
999 ## -
-- 30816
-- 17200
Existencias
Estado retirado